000 00450nam a2200181Ia 4500
001 1663
005 20260306143745.0
008 260306t2000||||xx |||||||||||||| ||spa||
041 _aESP
082 _a153.93
_bC
100 _aCortada de Kohan, Nuria
_eAUT
245 0 _aTécnicas Psicológicas de evaluación y exploración
260 _c2000
300 _a340 páginas :
_c23 cm.
650 _aGEN
654 _aCPS
942 _cLIB
_dJUS
_fJUS
_2ddc
_n
999 _c1663
_d1663